Responses for Primetime Celebrity Jeopardy! game #22 - Wednesday, December 6, 2023

2023-2024 Primetime Celebrity Jeopardy! quarterfinal game 9.

Contestants

[<< previous game]

Amanda Seales, a comedian and social justice advocate from Los Angeles, California

Mo Rocca, a journalist and podcast host originally from Bethesda, Maryland

Kyra Sedgwick, an actor and director originally from New York City

[next game >>]

Jeopardy! Round responses

SHOUT IT OUT!
ROAD TRIP "I SPY"
(Ken: We're gonna give you three tourist attractions; you'll tell me which U.S. state they're located in.)
SHAKESPEARE PLAYS BY INITIALS
THREESOMES
HAIRSTYLES OF THE RICH & FAMOUS
I WANT MY "M" TV
    $100 29
toga

Amanda
    $100 22
Nevada

Mo
    $100 27
(Ken: You kept Mo again!)
[Amanda laughs.]
(Kyra: Sorry.)
(Mo: It's just my shot at redemption.)
(Amanda: I actually was giving it to you.)
(Kyra: All right.)
(Mo: Back to therapy.)

Julius Caesar

Kyra
    $100 12
rock, paper, scissors

Amanda
    $100 28
Jennifer Aniston

Mo
    $100 20
Mad Men

Kyra
    $200 21
freedom

Triple Stumper
    $200 2
New Hampshire

Mo
    $200 1
A Midsummer Night's Dream

Mo
    $200 3
stop, drop & roll

Amanda
    $200 6
(Ken: I'm glad you're still rocking yours, though.)
(Mo: Thank you very much.)

Justin Bieber

Mo
    $200 18
M*A*S*H

Mo
    $300 16
I-O

Amanda
    $300 7
Colorado

Kyra
    $300 4
King Lear

Mo
    $300 8
(Kyra: Three golden--what is three golden rings?)
(Amanda: What is five golden rings?)
(Mo: What is three turtledoves?)
(Ken: No. You were getting there. It's five golden rings, two turtledoves, [*].)
...
(Kyra: What even is a French hen?)
(Ken: You all lost the same amount, at least, so no harm, no foul.)
(Kyra: Thank God.)

3 French hens

KyraMoAmanda
Triple Stumper
    $300 24
(Amanda: Hoo! I got my Star Wars question.)

Princess Leia

Amanda
    $300 15
(Kyra: What... is... Hawaii Five-0?)

Magnum, P.I.

KyraAmanda
    $400 30
(Ken: None of you are gamers, I guess. "What is [*]?")
(Mo: I don't have a computer. I don't have the internet.)

World of Warcraft

Triple Stumper
    $400 10
Oregon

Mo
    $400 5
Twelfth Night

Kyra
    $400 23
Father, Son & the Holy Ghost

Kyra
    $400 14
Boris Johnson

Kyra
    $400 17
Malcolm in the Middle

Mo
    $500 26
(Ken: Oxford, [**], you're right.)

Ole Miss (Mississippi)

Mo
    $800 11
(Ken: Not heaven, it's [*], yes.)

Iowa

Mo
    $500 9
The Two Gentlemen of Verona

Mo
    $500 25
life, liberty & the pursuit of happiness

Amanda
    $500 13
Dorothy Hamill

Kyra
    $500 19
MacGyver

Triple Stumper

Scores at the first commercial break (after clue 15):

Kyra Mo Amanda
$1,000 $2,300 $300

Scores at the end of the Jeopardy! Round:

Kyra Mo Amanda
$1,600 $3,600 $1,500

Double Jeopardy! Round responses

THE EYES HAVE IT
PIZZA AT THE MOVIES
LITERARY TOURISM
THE MOON
ALSO A TAYLOR SWIFT SONG
"OO"! "OO"! I KNOW!
(Ken: Each correct response here will have two sets of double "O"s. At least four "O"s total, in other words.)
    $200 14
pinkeye

Mo
    $200 21
Saturday Night Fever

Mo
    $200 11
Little House on the Prairie

Mo
    $200 18
(Ken: Correct. The far side is not always dark.)

dark side of the Moon

Amanda
    $200 25
(Kyra: What is gentle?)

delicate

Kyra
Triple Stumper
    $200 16
cock-a-doodle-doo

Triple Stumper
    $1,000 10
the retina

Kyra
    $400 5
(Kyra: What is Dazed and Confused?)
...
(Ken: Yeah, different high school movie.)

Fast Times at Ridgemont High

KyraMo
    $400 6
The Bridges of Madison County

Mo
    $400 8
(Kyra: What is... a black hole?)

the tides

Kyra
Triple Stumper
    $400 28
red

Amanda
    $400 13
a cookbook

Kyra
    $600 2
a cataract

Amanda
    $600 1
(Ken: I know you're a Star Wars fan, Amanda. This is [*]. The Mel Brooks version.)

Pizza the Hutt

Triple Stumper
    $600 3
(Amanda: Oh, my God! Whaa! [Hold head] Ah... Oh, my gosh! What--zz-ahh!)
[The time expiry signal sounds.]
(Ken: Out of time, I'm afraid.)

1984

Amanda
    $600 24
lava

Kyra
    $600 27
Tim McGraw

Mo
    $600 4
(Ken: How did you know that?)
(Amanda: Naturally.)
(Ken: That's amazing.)
(Mo: Her marriage has been saved.)
(Kyra: Thank God.)
(Ken: Just as a reminder, these games are all randomized. That just happened to come up by chance, but I'm glad you had first-hand knowledge.)
(Kyra: Mm-hm. Mm-hm.)

"Footloose"

Kyra
    $800 20
green

Mo
    $800 9
Mystic Pizza

Kyra
    $800 7
Provence

Kyra
    $800 26
(Kyra: What is ozone?)

atmosphere

KyraAmanda
    $800 29
(Kyra: What is mined?)

mine

KyraMo
    $800 15
Voodoo

Mo
    $1000 19
the cornea

Triple Stumper
    $1000 22
"Keep the change, ya filthy animal"

Amanda
    $1000 12
(Kyra: What is A Christmas Carol?)

"The Gift of the Magi"

KyraMo
    $1000 23
gunpowder

Kyra
    $1000 30
(Kyra: What is where have you been?)

Welcome to New York

Kyra
Triple Stumper
    $1000 17
boogie-woogie

Triple Stumper

Scores at the Double Jeopardy! Round commercial break (after clue 15):

Kyra Mo Amanda
$3,400 $6,600 $1,500

Scores at the end of the Double Jeopardy! Round:

Kyra Mo Amanda
$2,200 $9,000 $3,900

Triple Jeopardy! Round

THE HARLEM RENAISSANCE
CHORUS LINES
(Ken: We'll give you the lyric; you name the Broadway musical.)
SPELLED RONG ON PURPOSE
WELCOME TO THE WHITE HOUSE
CELEBRITY TELL-ALLS
A CHANGE OF "PACE"
(Ken: Each response here will be a word you can make by changing one letter in the word "pace". Just one letter away from "pace".)
    $300 26
the NAACP

Amanda
    $300 2
The Sound of Music

Mo
    $300 14
Chick-fil-A

Kyra
    $300 18
December

Mo
    $300 11
Prince Harry

Mo
    $300 1
Race

Mo
    $600 21
(Kyra: What is ragtime?)
(Mo: What is jazz? What is the--what is the--what is [*]?)
(Ken: We'll take it, yes.)

the Jazz Age

KyraMo
    $6,000 3
(Ken: Mo, we know about your history in musical theater with Supreme Court associate justices. How much do you want to wager here?)
...
(Mo: I can now get a new washing ma-chine.)
(Ken: [Laughs] But what will you have then to keep clean, Mo?)
(Mo: [Laughs] We could go on like this forever.)

West Side Story

Mo
    $600 22
Inglourious Basterds

Amanda
    $600 17
diapers

Kyra
    $600 7
["Recorded on October 11, 2023" was displayed in the upper left-hand corner from the time the clue went full screen until just after acceptance of the correct response, in recognition of the author's recent death on 2023-10-28.]
(Kyra: Who is... [shakes head and whispers to self] I don't know.)
(Ken: Ah, you ran out of time. But you gave Mo time.)

Matthew Perry

KyraMo
    $600 15
Pack

Mo
    $1,000 20
(Ken: So this just got a little more interesting, Amanda. It looked like Mo was running away, but you can make a game of it here.)
(Amanda: Yeah, nah.)
[Ken laughs.]
...
(Ken: And you kept Mo from getting a HARLEM RENAISSANCE clue, which I like.)
(Amanda: [Laughs] This masters in African-American studies is being put to work.)

the Great Depression

Amanda
    $900 4
Les Misérables

Amanda
    $900 23
(Amanda: What is Velveeta?)

Cheez Whiz

MoAmanda
    $900 19
(Kyra: What is the Knicks?)
(Ken: No.)
(Kyra: Who--who are the Knicks?)
...
(Amanda: The Knicks wish they got a championship. For sure.)
(Ken: It might be a minute.)

the Warriors

KyraAmanda
    $900 9
Keith Richards

Mo
    $900 16
face

Amanda
    $1200 13
Billie Holliday

Mo
    $1200 6
Wicked

Kyra
    $5,000 24
Lyft

Mo
    $1200 29
Ted Lasso

Amanda
    $1200 10
(Kyra: Who is Bruce Springsteen?)
...
(Ken: See what you're missing by not reading the oeuvre of [*]? Like, that's a great story! Back to you, Mo.)
(Mo: All right, all right, all right, uh, CELEBRITY TELL-ALLS for $300.)
[Ken chuckles.]
(Amanda: Nice.)

Matthew McConaughey

Kyra
Triple Stumper
    $1200 27
lace

Mo
    $1500 5
the Rhodes Scholarship

Mo
    $1500 8
(Ken: Yeah, the end of [*].)

Annie

Mo
    $1500 25
Dogecoin

Amanda
    $1500 30
(Ken: Yes. I had no idea you were such a big K-pop fan, but...)
(Mo: Huge.)

BTS

Mo
    $1500 12
(Amanda: Who is my girl [*]?)
(Ken: It is [*], yes.)
(Amanda: All right. I like when I get a friend for an answer.)

Tiffany Haddish

Amanda
    $1500 28
pane

Mo

Scores at the end of the Triple Jeopardy! Round:

Kyra Mo Amanda
$1,000 $33,200 $11,800
(lock game)

[wagering suggestions for these scores]

Final Jeopardy! Round responses

APPLIED GEOMETRY
(Ken: What is... Pythagorean, maybe?)
(Kyra: Pythagriom.)
...
(Mo: Well, in my house...)
KyraWhat Pothagriom?
$1,000
AmandaWhat are Bees 🐝?
$500
MoWhat are (bathroom) tiles?
$8,000
honeybees

Final scores:

Kyra Mo Amanda
$0 $25,200 $12,300
3rd place: $30,000 to the Food Bank for NYC Winner: semifinalist 2nd place: $30,000 to the Rockefeller Philanthropy Advisors supporting Grantmakers for Girls of Color

Game dynamics:

Coryat scores:

Kyra Mo Amanda
$400 $23,700 $12,300
17 R
(including 1 DD),
13 W
39 R
(including 3 DDs),
1 W
21 R
(including 1 DD),
3 W
(including 1 DD)

Combined Coryat: $36,400

[game clues] [game scores] [suggest correction]

Game tape date: 2023-10-11
The J! Archive is created by fans, for fans. Scraping, republication, monetization, and malicious use prohibited; this site may use cookies and collect identifying information. See terms. The Jeopardy! game show and all elements thereof, including but not limited to copyright and trademark thereto, are the property of Jeopardy Productions, Inc. and are protected under law. This website is not affiliated with, sponsored by, or operated by Jeopardy Productions, Inc. Join the discussion at JBoard.tv.